000 00279nam a2200121Ia 4500
008 190723s9999 xx 000 0 und d
100 _aPMI Publishers
245 0 _aPMP Bok Guide (PMBK)
250 _a6th
260 _aUSA
_bPMI Publishing
_c2017
300 _a756:p
942 _cBK
999 _c2051
_d2051